01574nam a2200373 a 4500001001000000003000500010005001700015008004100032010001100073011001100084040000900095090001000104100003800114245015000152260004100302500006000343502007900403590003700482590004100519590004000560590004000600590004000640650003300680650003500713650005800748856001600806856007000822901000700892942001000899942000600909999001900915952013100934952013501065000113745CHAP20220329144411.0170913s2017 mx a fsm |||||||spa d a110206 a111178 cCHAP aTesis1 aCastillo Cazares, Paulina913332310aEtiología y control químico in vitro de la pudrición de raíz en aretillo (Fuchsia decidua) /h[En línea]cpor Paulina Castillo Cazares. aChapingo, Méx. :bEl autor,c2017. aPara ver el contenido del material haga clic en la liga aTesis (Agr. en Horticultura Protegida) -- UACH. Departamento de Fitotecnia aBATCHb00c20181121lUCH01h0759 aE11695DGDb10c20170928lUCH01h0937 aE6096MTMb05c20170913lUCH01h1453 aE6096MTMb05c20170913lUCH01h1454 aE6096MTMb05c20170913lUCH01h145414aFloresxEnfermedades.94137514aFungicidasxAnálisis.94404514aPlantas ornamentalesxEnfermedades por hongos.989064 a1 n0001400 aFinding aiduhttp://10.13.5.2/tesis/sist113745.pdfzTeclea aquí aBK cTESIS n0 c110206d110206 00104054718TESISaBCbBCd2017-09-13fTESISl0oTesisp113746-10r2019-12-31 00:00:00w2019-12-31yTESISzRecien adquirido 00102local4053708TESISaBCbBCcPA_TESISd2017-09-13fTESISl0oTesisp113746-20r2019-12-31 00:00:00tc.2w2019-12-31yTESIS